000 00574nam a2200205 i 4500
001 98455
003 ES-MaACL
005 20230906182304.0
007 t|
008 050906s1967 sp ||||1| baq d
080 _a891.69-32"19"
100 1 _aPeillen, Txomin.
_989979
245 1 0 _aGauaz ibiltzen dana
_b: 1964 Domingo Agirre Saria.
260 _aZarautz :
_bItxaropena Argitaldaria,
_c[1967]
300 _a134 p. ;
_c18 cm.
490 1 _aKuliska sorta ;
_v6
830 0 _aKuliska sorta ;
_v6
_9182694
852 _aES-MaACL
_jC-32648
_bR.63320
999 _c98455
_d98455